LEADER 01395nam a2200313 i 4500 001 000000157886 003 CaOOAMICUS 005 20070123000000.0 008 070123s1992 it u000 u ita u 013 $a135247 020 $a88-18-92008-1 040 $aSeMil$bita 100 1 $aDilthey, Wilhelm <1833-1911>.$0(OLS)http://semarc/name/3284 245 10$aErmeneutica e religione /$cWilhelm Dilthey ; A cura di Gianfranco Morra Professore ordinario di sociologia della conoscenza Università di Bologna. 260 $aMilano :$bRusconi,$c1992. 300 $a156 p. ;$c22 cm. 490 0 $aI classici del pensiero. Filosofia contemporanea 500 $aFondo Card. Giovanni Colombo. 650 4$aFilosofia della religione.$0(OLS)http://semarc/subject/504 650 4$aErmeneutica filosofica.$0(OLS)http://semarc/subject/5404 700 1 $aMorra, Gianfranco,$d<1930-2021>.$0(OLS)http://semarc/name/5075 830 2$aI classici del pensiero. Filosofia contemporanea.$0(OLS)http://semarc/title/14225 850 $aSeMil 852 $aSeMil$W1$xVenegono$y1$m1O IV 115$j109561$B109561$CSeMilBibl$Z2$F119166 $81 941 1 $a3 961 $aLascito: Colombo Card. Giovanni 996 $6020$a88-18-92008-1$9(OLS)http://semarc/number/148306 996 $6245$aErmeneutica e religione$9(OLS)http://semarc/title/231641 996 $6260$aMilano :$bRusconi$9(OLS)http://semarc/publisher/30258 LEADER 00934nam a2200229 i 4500 001 000000074167 003 CaOOAMICUS 005 20110523000000.0 008 110523s1890 xx u000 u ger u 013 $a45339 040 $aSeMil$bita 100 1 $aMeyer-Lübke, Wilhelm <1861-1936>.$0(OLS)http://semarc/name/12116 245 10$aItalienische Grammatik /$cvon Wilhelm Meyer-Lübke. 260 $aLeipzig :$bO. R. Reisland,$c1890. 300 $aXIV, 338 p. ;$c24 cm. 490 0 $aSammlung romanischer Grammatiken 650 4$aLingua italiana - Grammatica.$0(OLS)http://semarc/subject/5944 830 0$aSammlung romanischer Grammatiken.$0(OLS)http://semarc/title/33641 850 $aSeMil 852 $aSeMil$W1$xVenegono$y1$m1A III 23 FA$j40319$B40319$CSeMilBibl$Z2$F40323 $8I 996 $6245$aItalienische Grammatik$9(OLS)http://semarc/title/120342 996 $6260$aLeipzig :$bO. R. Reisland$9(OLS)http://semarc/publisher/36306